00867cam a2200217 a 450000100100000000500170001000800410002702000150006803500190008304000300010208200240013210000440015624500940020025000110029426001260030530000300043149000680046165000240052965000260055383000700057900000943520200929161607.0780919s1972 sp cf 001 0 spa  a840004374X a(DLC) 75538762 aDO-SdBNPbspacDLCdBNPHU a863.62bB299c, 19721 aBaselga Ramírez, Mariano,d1865-1938.10aCuentos aragoneses /cMariano Baselga Ramírez ; prólogo del Doctor Juan Moneva Puyol. a4a ed. aZaragoza, (España) :bInstitución Fernando el Católico de la Excma :bDiputación Provincial de Zaragoza,c[1972]. a365 p. :bport. ;c21 cm.1 aPublicación de la Institución Fernando el Católicov1.150 4aCuentos españoles 4aLiteratura española 0aPublicación de la Institución Fernando el Católico ;v1.150